000 00582nam a2200181 a 4500
005 20210219153646.0
008 010611s2000 mx r 000 0 spa d
020 _a9686406557
035 _aUPN01000108101
049 _aCG
050 4 _aF1232
_bV5.2
100 1 _aVillaseñor y Villaseñor, Alejandro
245 1 0 _aBiografías de los héroes y caudillos de la Independencia /
_cAlejandro Villaseñor.
260 _aMéxico :
_bValle de México,
_c[199-?].
300 _a576 p.
651 4 _aMEXICO -
_xHISTORIA -
_yGUERRA DE INDEPENDENCIA, 1810-1821 -
_vBIOGRAFIA
905 _aLibro
999 _c82013
_d82013